[Event "IM Round robin Orbis VII 2019"]
[Site "Hotel Orbis Paracin"]
[Date "2019.07.14"]
[Round "2.4"]
[White "Munshi, Aditya"]
[Black "Pikula, Dejan"]
[Result "0-1"]
[BlackElo "2447"]
[WhiteElo "2125"]
[LiveChessVersion "1.4.8"]

1. e4 {[%clk 1:28:41]} d6 {[%clk 1:30:46]} 2. d4 g6 3. Bc4 Bg7 4. Nf3 e6 5. Bb3
Ne7 6. O-O b6 7. Re1 h6 8. c3 Nd7 9. Nbd2 Bb7 10. Nf1 a6 11. Ng3 c6 12. Be3 Qc7
13. a4 c5 14. h4 c4 15. Bc2 d5 16. e5 O-O-O 17. b3 Kb8 18. Bc1 cxb3 19. Bxb3 Nc6
20. Ba2 Na5 21. Re3 Bf8 22. Nd2 Be7 23. h5 g5 24. Bb2 Ka7 25. Qe2 Rc8 26. Bb1 Nb8
27. Bd3 Qd7 28. Bc2 Rc7 29. Qf3 Rf8 30. Qe2 Rfc8 31. Qd3 Bf8 32. Bb1 Nbc6 33. Qe2
Nd8 34. Qd3 Nc4 35. Nxc4 Rxc4 36. Bc2 R4c7 37. Bb3 Nc6 38. Ne2 Na5 39. Nc1 Qe8
40. Rh3 Be7 41. Qd1 Nxb3 42. Nxb3 a5 43. Nd2 Ba6 44. Qg4 Rc6 45. Re3 R8c7 46.
Rae1 Bc8 47. Qe2 Bd7 48. Ba1 Rc8 49. Qd3 R6c7 50. Qh7 Bf8 51. Rf1 Bxa4 52. Qh8
Bc2 53. Qf6 Bf5 54. c4 dxc4 55. d5 Be7 56. Qxh6 exd5 57. Bd4 Rc6 58. Qg7 Qf8 59.
Qxf8 Rxf8 60. f3 Ka6 61. g4 Bd3 62. Rc1 Rfc8 63. h6 Bh7 64. Nb1 Bxb1 65. Rxb1
Rxh6 66. e6 Rxe6 67. Rxe6 fxe6 68. Rxb6+ Ka7 69. Rb5+ Ka8 70. Rxa5+ Kb8 71. Be5+
Kb7 72. Bd4 Kc6 73. Ra6+ Kd7 74. Ra7+ Rc7 75. Ra1 Bd6 76. Re1 c3 77. Rc1 c2 78.
Kf1 Bf4 0-1

[Event "IM Round robin Orbis VII 2019"]
[Site "Hotel Orbis Paracin"]
[Date "2019.07.14"]
[Round "2.5"]
[White "Liu, Zhaoqi"]
[Black "Manish, Anto Cristiano F"]
[Result "1/2-1/2"]
[BlackElo "2208"]
[WhiteElo "2386"]
[LiveChessVersion "1.4.8"]

1. c4 {[%clk 1:30:58]} c5 {[%clk 1:30:41]} 2. Nc3 {[%clk 1:31:23]} Nc6
{[%clk 1:30:34]} 3. g3 {[%clk 1:31:48]} g6 {[%clk 1:30:25]} 4. Bg2
{[%clk 1:32:15]} Bg7 {[%clk 1:30:37]} 5. a3 {[%clk 1:32:36]} e6 {[%clk 1:30:32]}
6. Rb1 {[%clk 1:32:59]} a5 {[%clk 1:27:21]} 7. e4 {[%clk 1:33:15]} Nge7
{[%clk 1:25:21]} 8. Nge2 {[%clk 1:33:40]} O-O {[%clk 1:23:37]} 9. d3
{[%clk 1:34:00]} d6 {[%clk 1:20:24]} 10. O-O {[%clk 1:34:25]} Nd4
{[%clk 1:15:37]} 11. Nxd4 {[%clk 1:24:14]} cxd4 {[%clk 1:15:30]} 12. Ne2
{[%clk 1:19:48]} a4 {[%clk 1:12:22]} 13. b4 {[%clk 1:19:53]} axb3
{[%clk 1:12:29]} 14. Qxb3 {[%clk 1:20:18]} Kh8 {[%clk 1:01:00]} 15. Bg5
{[%clk 1:18:49]} h6 {[%clk 1:01:03]} 16. Bd2 {[%clk 1:18:24]} Bd7
{[%clk 1:00:17]} 17. Qxb7 {[%clk 1:11:50]} Rxa3 {[%clk 0:58:30]} 18. Qb2
{[%clk 1:10:08]} Rxd3 {[%clk 0:42:22]} 19. Nf4 {[%clk 1:09:50]} Rxd2
{[%clk 0:40:19]} 20. Qxd2 {[%clk 1:10:12]} Nc6 {[%clk 0:38:37]} 21. Nd3
{[%clk 1:05:44]} Kh7 {[%clk 0:37:22]} 22. c5 {[%clk 1:04:32]} Qe7
{[%clk 0:32:38]} 23. Qc2 {[%clk 1:00:22]} Rc8 {[%clk 0:28:36]} 24. f4
{[%clk 0:56:35]} e5 {[%clk 0:24:56]} 25. cxd6 {[%clk 0:50:13]} Qxd6
{[%clk 0:25:08]} 26. Qc5 {[%clk 0:50:33]} Qxc5 {[%clk 0:20:54]} 27. Nxc5
{[%clk 0:50:58]} Bg4 {[%clk 0:20:34]} 28. Bf3 {[%clk 0:50:04]} Bxf3
{[%clk 0:15:52]} 29. Rxf3 {[%clk 0:50:27]} f5 {[%clk 0:13:22]} 30. Re1
{[%clk 0:49:10]} exf4 {[%clk 0:11:24]} 31. gxf4 {[%clk 0:49:33]} Nb4
{[%clk 0:06:35]} 32. Ne6 {[%clk 0:49:36]} fxe4 {[%clk 0:05:53]} 33. Rxe4
{[%clk 0:49:47]} Bf6 {[%clk 0:06:16]} 34. Ra3 {[%clk 0:45:46]} Nd5
{[%clk 0:03:52]} 35. Ra7+ {[%clk 0:43:17]} Kg8 {[%clk 0:04:11]} 36. Nc5
{[%clk 0:34:20]} Bg7 {[%clk 0:00:47]} 37. Nd3 {[%clk 0:33:38]} Rc3
{[%clk 0:00:58]} 38. Re8+ {[%clk 0:31:06]} Kh7 {[%clk 0:01:24]} 39. Rd8
{[%clk 0:31:17]} Ne3 {[%clk 0:01:11]} 40. Rxd4 {[%clk 1:00:12]} g5
{[%clk 0:31:05]} 41. Rdd7 {[%clk 0:58:45]} Nf5 {[%clk 0:31:04]} 42. Rac7
{[%clk 0:57:41]} Rxc7 {[%clk 0:28:20]} 43. Rxc7 {[%clk 0:57:42]} Kg6
{[%clk 0:28:36]} 44. Ne5+ {[%clk 0:56:39]} Kf6 {[%clk 0:28:48]} 45. Ng4+
{[%clk 0:54:01]} Kg6 {[%clk 0:29:07]} 46. Rc6+ {[%clk 0:53:48]} Kh5
{[%clk 0:27:22]} 47. Nf6+ {[%clk 0:53:39]} Kh4 {[%clk 0:27:26]} 48. Rc5
{[%clk 0:48:53]} Bxf6 {[%clk 0:25:02]} 49. Rxf5 {[%clk 0:49:08]} Bd4+
{[%clk 0:25:26]} 50. Kg2 {[%clk 0:49:30]} Be3 {[%clk 0:25:12]} 51. fxg5
{[%clk 0:47:07]} hxg5 {[%clk 0:20:30]} 52. Rf8 {[%clk 0:47:21]} g4
{[%clk 0:20:22]} 53. Rh8+ {[%clk 0:44:33]} Kg5 {[%clk 0:20:41]} 54. Kf1
{[%clk 0:44:53]} Bf4 {[%clk 0:20:40]} 55. Kf2 {[%clk 0:43:49]} Be5
{[%clk 0:20:56]} 56. Rg8+ {[%clk 0:44:12]} Kf5 {[%clk 0:21:04]} 57. Kg2
{[%clk 0:44:19]} Bd6 {[%clk 0:20:24]} 58. Ra8 {[%clk 0:44:34]} Be5
{[%clk 0:20:36]} 59. Ra5 {[%clk 0:44:55]} Ke4 {[%clk 0:20:18]} 60. Ra2
{[%clk 0:45:14]} Kf5 {[%clk 0:20:39]} 61. Kf1 {[%clk 0:45:04]} Bf4
{[%clk 0:20:49]} 62. Rg2 {[%clk 0:45:28]} Bb8 {[%clk 0:20:42]} 63. Ke2
{[%clk 0:45:11]} Bc7 {[%clk 0:20:02]} 64. Kd3 {[%clk 0:44:22]} Kf4
{[%clk 0:19:52]} 65. Rf2+ {[%clk 0:44:44]} Kg5 {[%clk 0:20:15]} 66. Rc2
{[%clk 0:44:50]} Bd6 {[%clk 0:20:02]} 67. Ke4 {[%clk 0:44:44]} Bb8
{[%clk 0:19:29]} 68. Rf2 {[%clk 0:37:40]} Kh4 {[%clk 0:19:24]} 69. Rb2
{[%clk 0:38:04]} Bc7 {[%clk 0:19:45]} 70. Kf5 {[%clk 0:37:35]} Kh3
{[%clk 0:20:03]} 71. Rb3+ {[%clk 0:38:00]} Kg2 {[%clk 0:19:17]} 72. Kxg4
{[%clk 0:37:21]} Bxh2 {[%clk 0:19:38]} 73. Rb1 {[%clk 0:37:01]} Bg1
{[%clk 0:19:58]} 74. Rb2+ {[%clk 0:37:25]} Kh1 {[%clk 0:20:16]} 75. Kg3
{[%clk 0:37:41]} Bc5 {[%clk 0:19:57]} 76. Rh2+ {[%clk 0:37:51]} Kg1
{[%clk 0:20:14]} 77. Rh5 {[%clk 0:38:13]} Bd6+ {[%clk 0:20:24]} 78. Kf3
{[%clk 0:38:42]} Bh2 {[%clk 0:20:39]} 79. Kg4 {[%clk 0:38:27]} Kg2
{[%clk 0:21:04]} 80. Ra5 {[%clk 0:38:50]} Bg1 {[%clk 0:21:23]} 81. Ra2+
{[%clk 0:39:08]} Kh1 {[%clk 0:21:47]} 82. Kg3 {[%clk 0:39:31]} Bb6
{[%clk 0:22:06]} 83. Rh2+ {[%clk 0:39:55]} Kg1 {[%clk 0:22:28]} 84. Rh7
{[%clk 0:40:21]} Bc5 {[%clk 0:22:32]} 85. Kf3 {[%clk 0:40:35]} Bd6
{[%clk 0:21:11]} 86. Rd7 {[%clk 0:40:58]} Bb8 {[%clk 0:21:31]} 87. Rd1+
{[%clk 0:40:19]} Kh2 {[%clk 0:21:53]} 88. Kf2 {[%clk 0:40:46]} Ba7+
{[%clk 0:22:13]} 89. Kf1 {[%clk 0:41:12]} Kh1 {[%clk 0:22:02]} 90. Rd7
{[%clk 0:40:27]} Bg1 {[%clk 0:22:22]} 91. Rg7 {[%clk 0:40:48]} Bh2
{[%clk 0:22:47]} 92. Kf2 {[%clk 0:41:17]} Bd6 {[%clk 0:23:03]} 93. Rg1+
{[%clk 0:41:41]} Kh2 {[%clk 0:23:26]} 94. Rc1 {[%clk 0:42:09]} Bg3+
{[%clk 0:23:30]} 95. Kf3 {[%clk 0:42:28]} Bb8 {[%clk 0:23:55]} 96. Rc8
{[%clk 0:42:25]} Bd6 {[%clk 0:23:36]} 97. Rg8 {[%clk 0:42:00]} Kh1
{[%clk 0:23:56]} 98. Kf2 {[%clk 0:42:20]} Bc5+ {[%clk 0:24:44]} 99. Kg3
{[%clk 0:43:14]} Bd6+ {[%clk 0:25:09]} 100. Kh3 {[%clk 0:43:40]} Bh2
{[%clk 0:25:30]} 101. Ra8 {[%clk 0:43:50]} Bg1 {[%clk 0:25:52]} 102. Kg3
{[%clk 0:44:16]} Bh2+ {[%clk 0:26:11]} 103. Kf3 {[%clk 0:44:45]} Bg1
{[%clk 0:26:33]} 104. Ke2 {[%clk 0:45:12]} Kg2 {[%clk 0:26:49]} 105. Rh8
{[%clk 0:45:37]} Bh2 {[%clk 0:27:13]} 106. Rg8+ {[%clk 0:46:00]} Kh1
{[%clk 0:27:27]} 107. Kf2 {[%clk 0:46:29]} Bd6 {[%clk 0:27:14]} 108. Rg1+
{[%clk 0:46:53]} Kh2 {[%clk 0:27:37]} 109. Rc1 {[%clk 0:47:20]} Bg3+
{[%clk 0:27:23]} 110. Kf3 {[%clk 0:47:46]} Bb8 {[%clk 0:27:40]} 111. Ra1
{[%clk 0:47:56]} Bc7 {[%clk 0:28:01]} 112. Rb1 {[%clk 0:48:02]} Bd6
{[%clk 0:28:18]} 113. Rb2+ {[%clk 0:48:27]} Kh1 {[%clk 0:28:33]} 114. Rc2
{[%clk 0:48:52]} Bh2 {[%clk 0:28:58]} 115. Rg2 {[%clk 0:49:18]} Bg1
{[%clk 0:29:19]} 116. Kg3 {[%clk 0:49:44]} Ba7 117. Rh2+ {[%clk 0:50:10]} Kg1
{[%clk 0:29:37]} 118. Ra2 {[%clk 0:50:34]} Bb8+ {[%clk 0:29:55]} 119. Kh3
{[%clk 0:50:57]} Be5 {[%clk 0:30:12]} 120. Re2 {[%clk 0:51:19]} Bd4
{[%clk 0:30:18]} 121. Rd2 {[%clk 0:51:47]} Be5 {[%clk 0:30:08]} 122. Rd1+
{[%clk 0:52:11]} Kf2 {[%clk 0:30:27]} 123. Kg4 {[%clk 0:52:39]} Bh2
{[%clk 0:30:43]} 124. Rd2+ {[%clk 0:53:08]} Kg1 {[%clk 0:31:04]} 125. Rxh2
{[%clk 0:53:37]} Kxh2 {[%clk 0:31:26]} 1/2-1/2

[Event "IM Round robin Orbis VII 2019"]
[Site "Hotel Orbis Paracin"]
[Date "2019.07.16"]
[Round "5.3"]
[White "Zlatanovic, Boroljub"]
[Black "Liu, Zhaoqi"]
[Result "0-1"]
[BlackElo "2386"]
[WhiteElo "2371"]
[LiveChessVersion "1.4.8"]

1. e4 {[%clk 1:30:58]} e6 {[%clk 1:30:55]} 2. d4 {[%clk 1:31:22]} d5
{[%clk 1:31:21]} 3. exd5 {[%clk 1:31:46]} exd5 {[%clk 1:31:46]} 4. Bd3
{[%clk 1:32:09]} c5 {[%clk 1:31:08]} 5. Nf3 {[%clk 1:32:16]} c4 {[%clk 1:31:06]}
6. Be2 {[%clk 1:32:40]} Bd6 {[%clk 1:31:31]} 7. O-O {[%clk 1:32:27]} Ne7
{[%clk 1:30:15]} 8. b3 {[%clk 1:31:43]} cxb3 {[%clk 1:30:39]} 9. axb3
{[%clk 1:31:58]} O-O {[%clk 1:30:41]} 10. c4 {[%clk 1:30:54]} Nbc6
{[%clk 1:30:50]} 11. Nc3 {[%clk 1:24:47]} Bb4 {[%clk 1:26:02]} 12. Bb2
{[%clk 1:23:53]} Bg4 {[%clk 1:24:58]} 13. h3 {[%clk 1:13:33]} Bh5
{[%clk 1:13:07]} 14. Ra4 {[%clk 1:09:11]} a6 {[%clk 1:05:18]} 15. g4
{[%clk 0:55:05]} Bg6 {[%clk 1:05:39]} 16. Ne5 {[%clk 0:55:05]} dxc4
{[%clk 0:50:55]} 17. Nxc6 {[%clk 0:44:36]} Nxc6 {[%clk 0:51:00]} 18. d5
{[%clk 0:44:07]} b5 {[%clk 0:48:59]} 19. Ra1 {[%clk 0:41:22]} Ne5
{[%clk 0:34:57]} 20. Qd4 {[%clk 0:36:53]} f6 {[%clk 0:32:53]} 21. bxc4
{[%clk 0:36:46]} Bd3 {[%clk 0:30:58]} 22. Qe3 {[%clk 0:26:59]} Bxe2
{[%clk 0:27:53]} 23. Nxe2 {[%clk 0:25:15]} Nxc4 {[%clk 0:28:17]} 24. Qb3
{[%clk 0:22:03]} Bd6 {[%clk 0:26:41]} 25. Rfd1 {[%clk 0:22:21]} Nxb2
{[%clk 0:25:02]} 26. Qxb2 {[%clk 0:21:39]} Be5 {[%clk 0:25:27]} 27. Qa2
{[%clk 0:21:13]} Bxa1 {[%clk 0:25:49]} 28. Rxa1 {[%clk 0:21:34]} Qd6
{[%clk 0:15:44]} 29. Nd4 {[%clk 0:21:47]} g6 {[%clk 0:16:05]} 30. Ne6
{[%clk 0:19:26]} Rfc8 {[%clk 0:16:12]} 31. Rd1 {[%clk 0:18:31]} Rc4
{[%clk 0:15:50]} 32. Qb2 {[%clk 0:17:58]} Kf7 {[%clk 0:16:00]} 33. Rd3
{[%clk 0:17:45]} Qb4 {[%clk 0:13:59]} 34. Qa1 {[%clk 0:14:06]} Qa4
{[%clk 0:09:01]} 35. Qe1 {[%clk 0:13:19]} Qb4 {[%clk 0:06:54]} 36. Qe3
{[%clk 0:12:17]} g5 {[%clk 0:06:05]} 37. Qb6 {[%clk 0:05:36]} Re8
{[%clk 0:05:15]} 38. Rf3 {[%clk 0:05:00]} Qe1+ {[%clk 0:04:40]} 39. Kg2
{[%clk 0:05:18]} Rxe6 {[%clk 0:02:23]} 40. dxe6+ {[%clk 0:35:42]} Qxe6
{[%clk 0:32:51]} 41. Qa7+ {[%clk 0:35:32]} Kg6 {[%clk 0:32:55]} 42. Qa8
{[%clk 0:28:37]} b4 {[%clk 0:23:05]} 43. Qb8 {[%clk 0:26:12]} a5 {[%clk 0:22:25]}
44. Re3 {[%clk 0:25:40]} Qc6+ {[%clk 0:19:10]} 45. Rf3 {[%clk 0:26:04]} Kf7
{[%clk 0:17:30]} 46. Qa7+ {[%clk 0:25:39]} Ke6 {[%clk 0:16:42]} 47. Qe3+
{[%clk 0:23:52]} Qe4 {[%clk 0:13:52]} 48. Qb6+ {[%clk 0:23:11]} Rc6
{[%clk 0:13:43]} 49. Qb7 {[%clk 0:23:14]} Kd6 {[%clk 0:12:50]} 50. Kg3
{[%clk 0:22:39]} Qe5+ {[%clk 0:13:17]} 51. Kg2 {[%clk 0:22:50]} Qd5
{[%clk 0:13:34]} 52. Qb8+ {[%clk 0:20:30]} Kc5 {[%clk 0:13:44]} 53. Qa7+
{[%clk 0:19:53]} Kb5 {[%clk 0:13:43]} 54. Qb7+ {[%clk 0:19:22]} Ka4
{[%clk 0:13:48]} 55. Kg3 {[%clk 0:17:15]} Qd6+ {[%clk 0:14:13]} 56. Kg2
{[%clk 0:17:40]} Rc3 {[%clk 0:13:57]} 57. Rxc3 {[%clk 0:17:49]} bxc3
{[%clk 0:14:25]} 58. Qxh7 {[%clk 0:18:10]} Qc6+ {[%clk 0:14:49]} 59. Kh2
{[%clk 0:18:18]} c2 {[%clk 0:15:07]} 60. Qd3 {[%clk 0:18:35]} c1=Q
{[%clk 0:15:23]} 61. Qg3 {[%clk 0:18:56]} Q6h1# {[%clk 0:15:43]} 0-1

[Event "IM Round robin Orbis VII 2019"]
[Site "Hotel Orbis Paracin"]
[Date "2019.07.16"]
[Round "5.5"]
[White "Dedebas, Emre Emin"]
[Black "Abramovic, Bosko"]
[Result "1/2-1/2"]
[BlackElo "2373"]
[WhiteElo "2301"]
[LiveChessVersion "1.4.8"]

1. d4 {[%clk 1:30:57]} Nf6 {[%clk 1:30:42]} 2. c4 {[%clk 1:31:20]} e6
{[%clk 1:31:06]} 3. Nf3 {[%clk 1:31:46]} d5 {[%clk 1:31:30]} 4. Nc3
{[%clk 1:32:12]} Nbd7 {[%clk 1:31:35]} 5. Bf4 {[%clk 1:32:34]} dxc4
{[%clk 1:31:38]} 6. e3 {[%clk 1:32:44]} Nb6 {[%clk 1:31:51]} 7. Bxc4
{[%clk 1:33:00]} Nxc4 {[%clk 1:32:15]} 8. Qa4+ {[%clk 1:33:25]} c6
{[%clk 1:32:38]} 9. Qxc4 {[%clk 1:33:49]} Nd5 {[%clk 1:33:02]} 10. O-O
{[%clk 1:23:57]} Nxf4 {[%clk 1:33:23]} 11. exf4 {[%clk 1:24:24]} Be7
{[%clk 1:33:39]} 12. Rad1 {[%clk 1:19:42]} O-O {[%clk 1:33:57]} 13. Ne5
{[%clk 1:18:50]} Qb6 {[%clk 1:32:58]} 14. Qe2 {[%clk 0:59:55]} Qc7
{[%clk 1:27:09]} 15. Rfe1 {[%clk 0:53:04]} f6 {[%clk 1:01:35]} 16. Nd3
{[%clk 0:49:28]} Bd6 {[%clk 1:01:46]} 17. Qf3 {[%clk 0:43:19]} Bd7
{[%clk 0:56:11]} 18. Nc5 {[%clk 0:38:54]} Rae8 {[%clk 0:56:09]} 19. Nxd7
{[%clk 0:35:14]} Qxd7 {[%clk 0:56:33]} 20. g3 {[%clk 0:35:02]} Be7
{[%clk 0:45:17]} 21. Qe2 {[%clk 0:27:24]} Bd8 {[%clk 0:44:41]} 22. Qc4
{[%clk 0:19:09]} b5 {[%clk 0:44:52]} 23. Qb3 {[%clk 0:17:03]} f5 {[%clk 0:43:26]}
24. a4 {[%clk 0:17:10]} a6 {[%clk 0:43:36]} 25. Re2 {[%clk 0:16:28]} g6
{[%clk 0:34:56]} 26. axb5 {[%clk 0:13:43]} axb5 {[%clk 0:35:20]} 27. Na2
{[%clk 0:12:44]} Ba5 {[%clk 0:32:27]} 28. Nc1 {[%clk 0:12:06]} Re7
{[%clk 0:06:00]} 29. Nd3 {[%clk 0:09:55]} Rd8 {[%clk 0:06:19]} 30. Ne5
{[%clk 0:08:45]} Qd6 {[%clk 0:06:37]} 31. Rc1 {[%clk 0:05:56]} Rc8
{[%clk 0:05:29]} 32. Rec2 {[%clk 0:02:27]} Rec7 {[%clk 0:05:49]} 33. Qf3
{[%clk 0:01:05]} Qxd4 {[%clk 0:04:44]} 34. Rxc6 {[%clk 0:01:25]} Qd5
{[%clk 0:03:58]} 35. Rxc7 {[%clk 0:00:34]} Rxc7 {[%clk 0:04:26]} 36. Rxc7
{[%clk 0:00:39]} Bxc7 {[%clk 0:04:55]} 37. Qxd5 {[%clk 0:00:34]} exd5
{[%clk 0:05:18]} 38. Kf1 {[%clk 0:01:01]} Kf8 {[%clk 0:05:20]} 39. Ke2
{[%clk 0:00:48]} Ke7 {[%clk 0:05:30]} 40. Kd3 {[%clk 0:30:48]} Bb6
{[%clk 0:33:18]} 41. Nc6+ {[%clk 0:28:52]} Kd6 {[%clk 0:33:26]} 42. Nd4
{[%clk 0:27:25]} b4 {[%clk 0:08:42]} 1/2-1/2